000 00392cam a22001337a 4500
008 180718b1976 xxu||||| |||| 00| 0 eng d
082 _aK23x5444 K147
100 _aKarnataka. Pay Commission
245 _aReport of the Karnataka Pay Commission, 1976
260 _aBangalore
_bThe author
_c1976
300 _a453+p
500 _aChairman: A. Naraina Pai
700 _aNaraina Pai, A. (Chairman)
999 _c489324
_d489324